00671nam a2200229Ia 4500003000900000008004100009040001300050040001300063041000800076100002100084100000900105245002700114250001000141260002800151260000900179300001100188300001000199490000600209942000700215999001700222952020200239IT-RoPAU120407s9999 xx 000 0 und d aIT-RoPAU cIT-RoPAU aita aFrancesco Chiesa ccan. aLa chiave della vita.  aAlba  aPia Società San Paolo c1927 a260 p. c20 cm v1 cBK c30759d30759 00102ddc406OCC__9_00000000000000071aPAULUSbPAULUSd2012-04-11l0oOCC.9r2012-04-11 00:00:00w2012-04-11yBKzInserito da: Sergio In data: 27 settembre 2011 fondo: Via A.Severo 56 Progr:18450